| 000 | 00670nam a2200193 a 4500 | ||
|---|---|---|---|
| 001 | 000045933 | ||
| 005 | 20201002052531.0 | ||
| 008 | 150602s2015 dr 000 0 spa d | ||
| 020 | _a9789945589252 | ||
| 040 |
_aDO-SdBNP _bspa _cBNPHU |
||
| 100 | 1 |
_aSilvestre Ramírez, Felix S. _974003 |
|
| 245 | 1 | 3 |
_aLa ética y el juez. / _cFelix S. Silvestre Ramírez ; prólogo Héctor Mario Chayer. |
| 260 |
_aSanto Domingo : _bSantuario, _c2015. |
||
| 300 |
_a86 p. ; _c23 cm. |
||
| 500 | _aIncluye notas a pie de páginas | ||
| 504 | _aBibliografía p: 85-86 | ||
| 500 | _aIncluye datos biografícos del autor en las solapas. | ||
| 700 | 1 |
_aChayer, Héctor Mario _eprol. _974004 |
|
| 999 |
_c45422 _d45422 |
||